| 000 | 00867nam a22002417a 4500 | ||
|---|---|---|---|
| 999 |
_c21532 _d21532 |
||
| 003 | AR-CdUCM | ||
| 008 | 190311b ||||| |||| 00| 0 spa d | ||
| 020 | _a9786124146527 | ||
| 040 |
_aMUNICIPALIDAD PROVINCIAL DEL CUSCO _cBIBLIOTECA MUNICIPAL DEL CUSCO |
||
| 082 |
_a338.5/G21 _bG21 |
||
| 100 |
_aGaravito, Cecilia _945260 |
||
| 245 |
_aMicroeconomía : _bconsumidores, productores y estructuras de mercado / _cCecilia Garavito Masalías. |
||
| 260 |
_aLima : _bPontificia Universidad Católica del Perú, _c2014. |
||
| 300 |
_a318 páginas. : _bilustraciones ; _c21 cm. |
||
| 500 | _zBibliografía: p. [315]-318. | ||
| 650 |
_aMicroeconomía _945261 |
||
| 650 |
_aEstudio y enseñanza _92610 |
||
| 650 |
_aProblemas _99246 |
||
| 650 |
_aEjercicios _919599 |
||
| 710 |
_aPontificia Universidad Católica del Perú _9400 |
||
| 942 |
_2ddc _cLIBROS |
||
| 945 | _aRoel | ||